The rock of Tanios / (Record no. 233681)
[ view plain ]
| 000 -LEADER | |
|---|---|
| fixed length control field | 00979cam a2200289 a 4500 |
| 001 - CONTROL NUMBER | |
| control field | 3488568 |
| 003 - CONTROL NUMBER IDENTIFIER | |
| control field | Nust |
| 005 - DATE AND TIME OF LATEST TRANSACTION | |
| control field | 20170310094359.0 |
| 008 - FIXED-LENGTH DATA ELEMENTS--GENERAL INFORMATION | |
| fixed length control field | 940916s1994 nyu 000 1 eng |
| 010 ## - LIBRARY OF CONGRESS CONTROL NUMBER | |
| LC control number | 94037546 |
| 020 ## - INTERNATIONAL STANDARD BOOK NUMBER | |
| International Standard Book Number | 9780349106625 |
| 040 ## - CATALOGING SOURCE | |
| Original cataloging agency | DLC |
| Transcribing agency | DLC |
| Modifying agency | DLC |
| 041 1# - LANGUAGE CODE | |
| Language code of text/sound track or separate title | eng |
| Language code of original | fre |
| 043 ## - GEOGRAPHIC AREA CODE | |
| Geographic area code | a-le--- |
| 050 00 - LIBRARY OF CONGRESS CALL NUMBER | |
| Classification number | PQ3979.2.M28 |
| Item number | R6313 1994 |
| 082 00 - DEWEY DECIMAL CLASSIFICATION NUMBER | |
| Classification number | 843 |
| Author Mark | MAA |
| 100 1# - MAIN ENTRY--PERSONAL NAME | |
| Personal name | Maalouf, Amin. |
| 240 10 - UNIFORM TITLE | |
| Uniform title | Rocher de Tanios. |
| Language of a work | English |
| 245 14 - TITLE STATEMENT | |
| Title | The rock of Tanios / |
| Statement of responsibility, etc. | Amin Maalouf ; |
| 250 ## - EDITION STATEMENT | |
| Edition statement | 1st ed. |
| 260 ## - PUBLICATION, DISTRIBUTION, ETC. | |
| Place of publication, distribution, etc. | New York : |
| Name of publisher, distributor, etc. | G. Braziller, |
| Date of publication, distribution, etc. | 1994. |
| 300 ## - PHYSICAL DESCRIPTION | |
| Extent | 275 p. ; |
| Dimensions | 22 cm. |
| 651 #0 - SUBJECT ADDED ENTRY--GEOGRAPHIC NAME | |
| Geographic name | Lebanon |
| General subdivision | History |
| Chronological subdivision | 1516-1918 |
| General subdivision | Fiction. |
| 655 #7 - INDEX TERM--GENRE/FORM | |
| Genre/form data or focus term | Historical fiction. |
| Source of term | gsafd |
| 906 ## - LOCAL DATA ELEMENT F, LDF (RLIN) | |
| a | 7 |
| b | cbc |
| c | orignew |
| d | 1 |
| e | ocip |
| f | 19 |
| g | y-gencatlg |
| 942 ## - ADDED ENTRY ELEMENTS (KOHA) | |
| Source of classification or shelving scheme | |
| Koha item type | Book |
| Withdrawn status | Lost status | Source of classification or shelving scheme | Damaged status | Not for loan | Permanent Location | Current Location | Shelving location | Date acquired | Total Checkouts | Full call number | Barcode | Date last seen | Copy number | Price effective from | Koha item type |
|---|---|---|---|---|---|---|---|---|---|---|---|---|---|---|---|
| Central Library (CL) | Central Library (CL) | Fiction | 03/10/2017 | 843 MAA | CL1538 | 03/10/2017 | 1 | 03/10/2017 | Book |
